Stochastic Tools in Mathematics and Science

Библиографические подробности
Главный автор: Chorin A. J.
Другие авторы: Hald O. H.
Язык:английский
Опубликовано: New York, Springer-Verlag, 2006
Серии:Surveys and Tutorials in the Applied Mathematical Sciences Vol. 1
Предметы:
Формат: Книга
Запись в KOHA:https://koha.lib.tpu.ru/cgi-bin/koha/opac-detail.pl?biblionumber=141310

MARC

LEADER 00000nam0a2200000 4500
001 141310
005 20231031142408.0
010 |a 0387280804 
035 |a (RuTPU)RU\TPU\book\153160 
090 |a 141310 
100 |a 20080808d2006 k y0engy50 ba 
101 0 |a eng 
102 |a US 
105 |a y z 001zy 
200 1 |a Stochastic Tools in Mathematics and Science  |f A. J. Chorin, O. H. Hald 
210 |a New York  |c Springer-Verlag  |d 2006 
215 |a 147 p. 
225 1 |a Surveys and Tutorials in the Applied Mathematical Sciences  |v Vol. 1 
320 |a Index: p. 145-147. 
610 1 |a математика 
610 1 |a стохастические процессы 
610 1 |a броуновское движение 
610 1 |a вероятность 
610 1 |a статистическая механика 
610 1 |a английский язык 
675 |a 519.216  |v 3 
700 1 |a Chorin  |b A. J. 
701 1 |a Hald  |b O. H. 
801 1 |a RU  |b 63413507  |c 20080808  |g PSBO 
801 2 |a RU  |b 63413507  |c 20080911  |g PSBO 
942 |c BK